000 00342nam a2200157Ia 4500
003 OSt
005 20240425121900.0
008 170524s9999 xx 000 0 und d
020 _a978-0195684513
040 _ciimtu
100 _aNagsarkar-T.K.
245 0 _aPower System Analysis
260 _bOxford
260 _c2010
942 _2ddc
_c02
999 _c5863
_d5863